[Event "Hoogeveen Open"]
[Site "Hoogeveen, Netherlands"]
[Date "2018.10.24"]
[Round "6.5"]
[White "Kuipers, Stefan"]
[Black "Baskin, Robert"]
[Result "1/2-1/2"]
[WhiteElo "2467"]
[BlackElo "2348"]

1. e4 {[%clk 01:30:57]} c5 {[%clk 01:30:51]} {[%emt 00:00:09]} 2. Nf3 {[%clk
01:31:20]} {[%emt 00:00:07]} Nf6 {[%clk 01:31:10]} {[%emt 00:00:11]} 3. e5
{[%clk 01:23:17]} {[%emt 00:08:33]} Nd5 {[%clk 01:31:24]} {[%emt 00:00:16]} 4.
d4 {[%clk 01:23:08]} {[%emt 00:00:39]} cxd4 {[%clk 01:31:15]} {[%emt 00:00:39]}
5. c3 {[%clk 01:22:38]} {[%emt 00:01:00]} e6 {[%clk 01:31:17]} {[%emt
00:00:28]} 6. cxd4 {[%clk 01:22:43]} {[%emt 00:00:25]} d6 {[%clk 01:31:38]}
{[%emt 00:00:09]} 7. Bc4 {[%clk 01:22:07]} {[%emt 00:01:06]} Nc6 {[%clk
01:31:51]} {[%emt 00:00:17]} 8. O-O {[%clk 01:21:35]} {[%emt 00:01:01]} Be7
{[%clk 01:32:16]} {[%emt 00:00:05]} 9. Nbd2 {[%clk 01:17:39]} {[%emt 00:04:26]}
dxe5 {[%clk 01:24:51]} {[%emt 00:07:55]} 10. dxe5 {[%clk 01:17:46]} {[%emt
00:00:23]} O-O {[%clk 01:24:53]} {[%emt 00:00:29]} 11. Ne4 {[%clk 01:06:02]}
{[%emt 00:12:14]} Nb6 {[%clk 01:21:06]} {[%emt 00:04:16]} 12. Bb5 {[%clk
01:03:13]} {[%emt 00:03:19]} Qd5 {[%clk 01:19:59]} {[%emt 00:01:37]} 13. Nc3
{[%clk 01:02:29]} {[%emt 00:01:13]} Qxd1 {[%clk 01:19:34]} {[%emt 00:00:57]} 14.
Rxd1 {[%clk 01:02:53]} {[%emt 00:00:06]} Bd7 {[%clk 01:18:59]} {[%emt
00:01:05]} 15. Be3 {[%clk 01:01:22]} {[%emt 00:02:01]} Rfd8 {[%clk 01:18:12]}
{[%emt 00:01:18]} 16. a4 {[%clk 00:59:06]} {[%emt 00:02:46]} Be8 {[%clk
01:14:25]} {[%emt 00:04:17]} 17. Kf1 {[%clk 00:51:39]} {[%emt 00:07:56]} Kf8
{[%clk 01:07:35]} {[%emt 00:07:21]} 18. Ke2 {[%clk 00:45:32]} {[%emt 00:06:38]}
Rxd1 {[%clk 01:04:41]} 19. Rxd1 {[%clk 00:45:36]} {[%emt 00:03:50]} Rd8 {[%clk
01:04:51]} {[%emt 00:00:20]} 20. Rxd8 {[%clk 00:39:06]} Nxd8 {[%clk 01:02:47]}
{[%emt 00:09:34]} 21. b3 {[%clk 00:33:37]} {[%emt 00:05:58]} Nc8 {[%clk
00:52:31]} {[%emt 00:10:46]} 22. Bd3 {[%clk 00:30:50]} {[%emt 00:03:17]} h6
{[%clk 00:50:20]} {[%emt 00:02:41]} 23. Be4 {[%clk 00:30:04]} {[%emt 00:01:16]}
Bc6 {[%clk 00:45:43]} {[%emt 00:05:07]} 24. Nd4 {[%clk 00:30:23]} {[%emt
00:00:11]} Bxe4 {[%clk 00:45:44]} {[%emt 00:00:29]} 25. Nxe4 {[%clk 00:30:47]}
{[%emt 00:00:06]} Ke8 {[%clk 00:45:36]} {[%emt 00:00:38]} 26. g4 {[%clk
00:28:32]} {[%emt 00:02:45]} Kd7 {[%clk 00:45:36]} {[%emt 00:00:30]} 27. f4
{[%clk 00:27:40]} {[%emt 00:01:21]} Nc6 {[%clk 00:45:17]} {[%emt 00:00:50]} 28.
Nxc6 {[%clk 00:24:11]} {[%emt 00:03:59]} Kxc6 {[%clk 00:45:35]} {[%emt
00:00:12]} 29. Kd3 {[%clk 00:24:34]} {[%emt 00:00:07]} Nb6 {[%clk 00:40:35]}
{[%emt 00:05:30]} 30. Bxb6 {[%clk 00:17:06]} {[%emt 00:07:58]} Kxb6 {[%clk
00:40:58]} {[%emt 00:00:07]} 31. Kc4 {[%clk 00:17:26]} {[%emt 00:00:10]} Kc6
{[%clk 00:39:30]} {[%emt 00:01:57]} 32. b4 {[%clk 00:16:34]} {[%emt 00:01:22]}
a6 {[%clk 00:39:24]} {[%emt 00:00:37]} 33. b5+ {[%clk 00:15:49]} {[%emt
00:01:15]} axb5+ {[%clk 00:39:04]} {[%emt 00:00:50]} 34. axb5+ {[%clk
00:16:13]} {[%emt 00:00:05]} Kc7 {[%clk 00:38:53]} {[%emt 00:00:41]} 35. f5
{[%clk 00:16:00]} {[%emt 00:00:43]} g6 {[%clk 00:31:14]} {[%emt 00:08:09]} 36.
g5 {[%clk 00:05:30]} {[%emt 00:10:59]} h5 {[%clk 00:21:10]} {[%emt 00:10:34]}
37. fxg6 {[%clk 00:04:40]} {[%emt 00:01:20]} fxg6 {[%clk 00:21:37]} {[%emt
00:00:04]} 38. h4 {[%clk 00:03:55]} {[%emt 00:01:14]} b6 {[%clk 00:21:29]}
{[%emt 00:00:38]} 39. Kd3 {[%clk 00:02:47]} {[%emt 00:01:39]} Kd8 {[%clk
00:21:08]} {[%emt 00:00:51]} 40. Nd2 {[%clk 00:02:17]} {[%emt 00:01:00]} Ke8
{[%clk 00:20:27]} {[%emt 00:01:12]} 41. Nf3 {[%clk 00:01:53]} {[%emt 00:00:53]}
1/2-1/2

[Event "Hoogeveen Open"]
[Site "Hoogeveen, Netherlands"]
[Date "2018.10.24"]
[Round "6.6"]
[White "Beerdsen, Thomas"]
[Black "Miedema, David"]
[Result "1-0"]
[WhiteElo "2460"]
[BlackElo "2379"]

1. e4 {[%clk 01:30:57]} {[%emt 00:00:02]} c6 {[%clk 01:30:58]} {[%emt
00:00:04]} 2. d4 {[%clk 01:30:30]} {[%emt 00:00:56]} d5 {[%clk 01:31:23]}
{[%emt 00:00:04]} 3. f3 {[%clk 01:30:26]} {[%emt 00:00:36]} dxe4 {[%clk
01:31:47]} {[%emt 00:00:04]} 4. fxe4 {[%clk 01:30:53]} {[%emt 00:00:04]} e5
{[%clk 01:32:11]} {[%emt 00:00:06]} 5. Nf3 {[%clk 01:31:18]} {[%emt 00:00:04]}
Bg4 {[%clk 01:25:07]} {[%emt 00:07:34]} 6. Bc4 {[%clk 01:31:43]} {[%emt
00:00:05]} Nd7 {[%clk 01:24:53]} {[%emt 00:00:44]} 7. c3 {[%clk 01:31:31]}
{[%emt 00:00:42]} b5 {[%clk 01:18:13]} {[%emt 00:07:11]} 8. Bb3 {[%clk
01:27:25]} {[%emt 00:04:35]} Ngf6 {[%clk 01:17:05]} {[%emt 00:01:38]} 9. O-O
{[%clk 01:26:50]} {[%emt 00:01:04]} Bd6 {[%clk 01:15:00]} {[%emt 00:02:36]} 10.
Bg5 {[%clk 01:26:29]} {[%emt 00:00:51]} O-O {[%clk 01:14:26]} {[%emt 00:01:04]}
11. Qe1 {[%clk 01:24:38]} {[%emt 00:02:20]} Bh5 {[%clk 01:04:45]} {[%emt
00:10:11]} 12. Qh4 {[%clk 01:17:24]} {[%emt 00:07:44]} Bg6 {[%clk 01:04:18]}
{[%emt 00:00:57]} 13. Nbd2 {[%clk 01:11:40]} {[%emt 00:06:14]} Qc7 {[%clk
01:02:25]} {[%emt 00:02:23]} 14. dxe5 {[%clk 01:06:06]} {[%emt 00:06:04]} Bxe5
{[%clk 01:02:47]} {[%emt 00:00:07]} 15. Nxe5 {[%clk 01:06:09]} {[%emt
00:00:27]} Qxe5 {[%clk 01:03:12]} {[%emt 00:00:06]} 16. Rae1 {[%clk 01:02:05]}
{[%emt 00:04:34]} h6 {[%clk 00:51:58]} {[%emt 00:11:44]} 17. Nf3 {[%clk
00:58:32]} {[%emt 00:04:03]} Qc5+ {[%clk 00:39:20]} {[%emt 00:13:08]} 18. Be3
{[%clk 00:58:51]} {[%emt 00:00:11]} Qh5 {[%clk 00:39:46]} {[%emt 00:00:04]} 19.
e5 {[%clk 00:56:33]} {[%emt 00:02:48]} Ng4 {[%clk 00:31:36]} {[%emt 00:08:40]}
20. Qxh5 {[%clk 00:45:52]} {[%emt 00:11:11]} Bxh5 {[%clk 00:32:02]} {[%emt
00:00:04]} 21. Bf4 {[%clk 00:45:24]} {[%emt 00:00:58]} Nc5 {[%clk 00:21:55]}
{[%emt 00:10:37]} 22. h3 {[%clk 00:45:48]} {[%emt 00:00:06]} Nd3 {[%clk
00:22:18]} {[%emt 00:00:07]} 23. hxg4 {[%clk 00:45:56]} {[%emt 00:00:21]} Bxg4
{[%clk 00:22:22]} {[%emt 00:00:27]} 24. Nd4 {[%clk 00:44:47]} {[%emt 00:01:39]}
Nxe1 {[%clk 00:21:47]} {[%emt 00:01:05]} 25. Rxe1 {[%clk 00:45:11]} {[%emt
00:00:05]} Rac8 {[%clk 00:17:46]} {[%emt 00:04:31]} 26. Re4 {[%clk 00:39:09]}
{[%emt 00:06:32]} h5 {[%clk 00:15:05]} {[%emt 00:03:11]} 27. e6 {[%clk
00:38:51]} {[%emt 00:00:48]} fxe6 {[%clk 00:15:33]} {[%emt 00:00:03]} 28. Nxe6
{[%clk 00:39:12]} {[%emt 00:00:08]} Rf6 {[%clk 00:15:59]} {[%emt 00:00:03]} 29.
Bg5 {[%clk 00:39:02]} {[%emt 00:00:40]} 1-0

[Event "Hoogeveen Open"]
[Site "Hoogeveen, Netherlands"]
[Date "2018.10.24"]
[Round "6.7"]
[White "Van Delft, Merijn"]
[Black "Shyaamnikhil, P"]
[Result "0-1"]
[WhiteElo "2381"]
[BlackElo "2429"]

1. e4 {[%clk 01:30:55]} {[%emt 00:00:05]} c5 {[%clk 01:30:25]} {[%emt
00:00:37]} 2. Nf3 {[%clk 01:31:13]} {[%emt 00:00:09]} Nc6 {[%clk 01:30:32]}
{[%emt 00:00:23]} 3. d4 {[%clk 01:31:27]} {[%emt 00:00:15]} cxd4 {[%clk
01:30:53]} {[%emt 00:00:10]} 4. Nxd4 {[%clk 01:31:50]} {[%emt 00:00:06]} Qb6
{[%clk 01:31:18]} {[%emt 00:00:06]} 5. Nb3 {[%clk 01:31:59]} {[%emt 00:00:20]}
Nf6 {[%clk 01:31:42]} {[%emt 00:00:07]} 6. Nc3 {[%clk 01:32:13]} {[%emt
00:00:15]} e6 {[%clk 01:32:03]} {[%emt 00:00:09]} 7. Qe2 {[%clk 01:31:47]}
{[%emt 00:00:56]} Bb4 {[%clk 01:31:12]} {[%emt 00:01:23]} 8. Bd2 {[%clk
01:31:39]} {[%emt 00:00:37]} a5 {[%clk 01:27:46]} {[%emt 00:03:56]} 9. a3
{[%clk 01:23:01]} {[%emt 00:09:08]} Bxc3 {[%clk 01:25:33]} {[%emt 00:02:42]} 10.
Bxc3 {[%clk 01:23:08]} {[%emt 00:00:18]} e5 {[%clk 01:25:19]} {[%emt 00:00:50]}
11. O-O-O {[%clk 01:16:54]} {[%emt 00:06:39]} O-O {[%clk 01:22:41]} {[%emt
00:03:13]} 12. g4 {[%clk 00:51:17]} {[%emt 00:26:06]} Rd8 {[%clk 01:14:47]}
{[%emt 00:08:24]} 13. g5 {[%clk 00:46:55]} {[%emt 00:04:51]} Ne8 {[%clk
01:15:04]} {[%emt 00:00:15]} 14. h4 {[%clk 00:43:38]} {[%emt 00:03:47]} d6
{[%clk 01:11:07]} {[%emt 00:04:28]} 15. h5 {[%clk 00:41:33]} {[%emt 00:02:33]}
Be6 {[%clk 01:08:54]} {[%emt 00:02:44]} 16. g6 {[%clk 00:34:57]} {[%emt
00:07:07]} fxg6 {[%clk 00:58:28]} {[%emt 00:10:56]} 17. hxg6 {[%clk 00:35:01]}
{[%emt 00:00:24]} hxg6 {[%clk 00:58:50]} {[%emt 00:00:10]} 18. f4 {[%clk
00:27:10]} {[%emt 00:08:21]} Nf6 {[%clk 00:54:43]} {[%emt 00:04:37]} 19. Bh3
{[%clk 00:19:05]} {[%emt 00:08:35]} Bf7 {[%clk 00:53:47]} {[%emt 00:01:26]} 20.
f5 {[%clk 00:16:26]} {[%emt 00:03:09]} g5 {[%clk 00:52:45]} {[%emt 00:01:32]}
21. Rhg1 {[%clk 00:11:04]} {[%emt 00:05:52]} Bh5 {[%clk 00:48:34]} {[%emt
00:04:42]} 22. Qc4+ {[%clk 00:11:24]} {[%emt 00:00:09]} Kf8 {[%clk 00:43:59]}
{[%emt 00:05:05]} 23. Rde1 {[%clk 00:10:53]} {[%emt 00:01:01]} g4 {[%clk
00:44:07]} {[%emt 00:00:23]} 24. Bg2 {[%clk 00:10:55]} {[%emt 00:00:26]} Bf7
{[%clk 00:37:27]} {[%emt 00:07:11]} 25. Qa4 {[%clk 00:10:41]} {[%emt 00:00:44]}
Rdb8 {[%clk 00:33:14]} {[%emt 00:04:44]} 26. Rh1 {[%clk 00:09:03]} {[%emt
00:02:07]} Qa6 {[%clk 00:32:49]} {[%emt 00:00:55]} 27. Rh8+ {[%clk 00:08:49]}
{[%emt 00:00:44]} Ng8 {[%clk 00:33:11]} {[%emt 00:00:08]} 0-1

[Event "Hoogeveen Open"]
[Site "Hoogeveen, Netherlands"]
[Date "2018.10.24"]
[Round "6.8"]
[White "Schippers, Maurice"]
[Black "Warmerdam, Max"]
[Result "0-1"]
[WhiteElo "2272"]
[BlackElo "2417"]

1. e4 {[%clk 01:30:58]} {[%emt 00:00:02]} e5 {[%clk 01:30:55]} {[%emt
00:00:05]} 2. Nf3 {[%clk 01:31:24]} {[%emt 00:00:06]} Nc6 {[%clk 01:31:21]}
{[%emt 00:00:02]} 3. d4 {[%clk 01:31:39]} {[%emt 00:00:15]} exd4 {[%clk
01:31:46]} {[%emt 00:00:05]} 4. Nxd4 {[%clk 01:32:04]} {[%emt 00:00:04]} Bc5
{[%clk 01:32:10]} {[%emt 00:00:05]} 5. Nb3 {[%clk 01:31:49]} {[%emt 00:00:46]}
Bb6 {[%clk 01:32:34]} {[%emt 00:00:05]} 6. Nc3 {[%clk 01:31:26]} {[%emt
00:00:53]} Nf6 {[%clk 01:32:57]} {[%emt 00:00:08]} 7. Bd3 {[%clk 01:28:49]}
{[%emt 00:03:07]} d6 {[%clk 01:17:59]} {[%emt 00:15:27]} 8. Bg5 {[%clk
01:20:17]} {[%emt 00:09:02]} h6 {[%clk 01:10:49]} {[%emt 00:07:39]} 9. Bh4
{[%clk 01:13:24]} {[%emt 00:07:23]} Be6 {[%clk 01:07:48]} {[%emt 00:03:31]} 10.
Qe2 {[%clk 01:06:12]} {[%emt 00:07:42]} Nd4 {[%clk 01:01:26]} {[%emt 00:06:52]}
11. Nxd4 {[%clk 01:04:07]} {[%emt 00:02:35]} Bxd4 {[%clk 01:01:51]} {[%emt
00:00:05]} 12. O-O {[%clk 00:51:05]} {[%emt 00:13:32]} g5 {[%clk 00:50:02]}
{[%emt 00:12:19]} 13. Bg3 {[%clk 00:51:09]} {[%emt 00:00:26]} h5 {[%clk
00:50:17]} {[%emt 00:00:14]} 14. h3 {[%clk 00:25:36]} {[%emt 00:26:03]} h4
{[%clk 00:48:55]} {[%emt 00:01:52]} 15. Bh2 {[%clk 00:26:01]} {[%emt 00:00:05]}
g4 {[%clk 00:45:57]} {[%emt 00:03:27]} 16. Kh1 {[%clk 00:24:44]} {[%emt
00:01:47]} Nh5 {[%clk 00:43:50]} {[%emt 00:02:37]} 17. Rad1 {[%clk 00:21:41]}
{[%emt 00:03:33]} Bxc3 {[%clk 00:34:51]} {[%emt 00:09:30]} 18. bxc3 {[%clk
00:20:23]} {[%emt 00:01:48]} g3 {[%clk 00:30:19]} {[%emt 00:05:01]} 19. fxg3
{[%clk 00:19:05]} {[%emt 00:01:48]} hxg3 {[%clk 00:28:58]} {[%emt 00:01:52]} 20.
Bg1 {[%clk 00:15:03]} {[%emt 00:04:31]} Qh4 {[%clk 00:29:07]} {[%emt 00:00:22]}
21. Bc4 {[%clk 00:05:47]} {[%emt 00:09:46]} Bxh3 {[%clk 00:13:03]} {[%emt
00:16:34]} 22. gxh3 {[%clk 00:04:44]} {[%emt 00:01:33]} Qxh3+ {[%clk 00:13:15]}
{[%emt 00:00:18]} 23. Bh2 {[%clk 00:05:13]} Qxh2+ {[%clk 00:13:19]} {[%emt
00:00:26]} 24. Qxh2 {[%clk 00:05:38]} {[%emt 00:00:05]} gxh2 {[%clk 00:13:44]}
{[%emt 00:00:05]} 25. Bxf7+ {[%clk 00:03:19]} {[%emt 00:02:49]} Ke7 {[%clk
00:13:36]} {[%emt 00:00:38]} 26. Rf3 {[%clk 00:01:49]} {[%emt 00:02:00]} Raf8
{[%clk 00:13:39]} {[%emt 00:00:26]} 27. Bxh5 {[%clk 00:01:20]} {[%emt
00:01:00]} Rxh5 {[%clk 00:14:07]} {[%emt 00:00:02]} 28. Rxf8 {[%clk 00:01:27]}
{[%emt 00:00:23]} Kxf8 {[%clk 00:14:35]} {[%emt 00:00:02]} 29. Rd2 {[%clk
00:01:17]} {[%emt 00:00:39]} Ke7 {[%clk 00:14:44]} {[%emt 00:00:21]} 30. Rxh2
{[%clk 00:01:08]} {[%emt 00:00:40]} Rxh2+ {[%clk 00:14:58]} {[%emt 00:00:16]}
31. Kxh2 {[%clk 00:01:37]} Ke6 {[%clk 00:14:49]} {[%emt 00:00:38]} 32. Kg3
{[%clk 00:02:06]} {[%emt 00:00:01]} Ke5 {[%clk 00:15:12]} {[%emt 00:00:08]} 33.
Kf3 {[%clk 00:02:35]} d5 {[%clk 00:15:35]} {[%emt 00:00:07]} 34. exd5 {[%clk
00:01:55]} {[%emt 00:01:10]} Kxd5 {[%clk 00:16:03]} {[%emt 00:00:02]} 35. Ke3
{[%clk 00:01:45]} {[%emt 00:00:40]} Kc4 {[%clk 00:16:28]} {[%emt 00:00:05]} 36.
Kd2 {[%clk 00:02:15]} b6 {[%clk 00:16:12]} {[%emt 00:00:45]} 37. Kd1 {[%clk
00:01:45]} {[%emt 00:01:00]} Kxc3 {[%clk 00:16:37]} {[%emt 00:00:06]} 38. Kc1
{[%clk 00:02:12]} {[%emt 00:00:03]} c5 {[%clk 00:16:46]} {[%emt 00:00:20]} 39.
Kb1 {[%clk 00:02:16]} {[%emt 00:00:26]} Kd2 {[%clk 00:16:51]} {[%emt 00:00:26]}
40. Kb2 {[%clk 00:01:08]} {[%emt 00:01:39]} c4 {[%clk 00:17:09]} {[%emt
00:00:11]} 41. c3 {[%clk 00:26:44]} {[%emt 00:04:53]} Kd3 {[%clk 00:47:32]}
{[%emt 00:00:07]} 42. a4 {[%clk 00:27:04]} {[%emt 00:00:10]} a5 {[%clk
00:47:55]} {[%emt 00:00:07]} 0-1

[Event "Hoogeveen Open"]
[Site "Hoogeveen, Netherlands"]
[Date "2018.10.24"]
[Round "6.9"]
[White "Buckels, Valentin"]
[Black "De Jong, Migchiel"]
[Result "1-0"]
[WhiteElo "2413"]
[BlackElo "2309"]

1. d4 {[%clk 01:30:56]} {[%emt 00:00:05]} e6 {[%clk 01:29:52]} {[%emt
00:01:07]} 2. c4 {[%clk 01:30:56]} {[%emt 00:00:30]} Bb4+ {[%clk 01:30:14]}
{[%emt 00:00:07]} 3. Nd2 {[%clk 01:30:27]} {[%emt 00:00:59]} Nf6 {[%clk
01:29:32]} {[%emt 00:01:11]} 4. a3 {[%clk 01:30:29]} {[%emt 00:00:29]} Be7
{[%clk 01:29:27]} {[%emt 00:00:32]} 5. e4 {[%clk 01:30:28]} {[%emt 00:00:32]}
d6 {[%clk 01:28:54]} {[%emt 00:01:03]} 6. Bd3 {[%clk 01:30:03]} {[%emt
00:00:56]} O-O {[%clk 01:27:10]} {[%emt 00:02:13]} 7. Ne2 {[%clk 01:30:08]}
{[%emt 00:00:25]} c5 {[%clk 01:25:24]} {[%emt 00:02:16]} 8. d5 {[%clk
01:29:34]} {[%emt 00:01:05]} Nbd7 {[%clk 01:25:06]} {[%emt 00:00:47]} 9. f4
{[%clk 01:21:53]} {[%emt 00:08:11]} Re8 {[%clk 01:16:57]} {[%emt 00:08:38]} 10.
O-O {[%clk 01:15:07]} {[%emt 00:07:17]} Bf8 {[%clk 01:17:09]} {[%emt 00:00:17]}
11. Nf3 {[%clk 01:09:21]} {[%emt 00:06:17]} exd5 {[%clk 01:14:45]} {[%emt
00:02:54]} 12. exd5 {[%clk 01:09:38]} {[%emt 00:00:14]} b5 {[%clk 01:02:41]}
{[%emt 00:12:33]} 13. b3 {[%clk 01:07:47]} {[%emt 00:02:21]} bxc4 {[%clk
00:58:41]} {[%emt 00:04:30]} 14. bxc4 {[%clk 01:08:11]} {[%emt 00:00:06]} Nb6
{[%clk 00:56:18]} {[%emt 00:02:53]} 15. Qc2 {[%clk 01:06:47]} {[%emt 00:01:54]}
Bd7 {[%clk 00:48:52]} {[%emt 00:07:55]} 16. a4 {[%clk 01:01:59]} {[%emt
00:05:19]} h6 {[%clk 00:45:03]} {[%emt 00:04:19]} 17. a5 {[%clk 01:00:49]}
{[%emt 00:01:41]} Nc8 {[%clk 00:45:22]} {[%emt 00:00:10]} 18. Ng3 {[%clk
01:00:28]} {[%emt 00:00:51]} Ng4 {[%clk 00:42:09]} {[%emt 00:03:43]} 19. Ra3
{[%clk 00:51:46]} {[%emt 00:09:13]} Kh8 {[%clk 00:41:14]} {[%emt 00:01:25]} 20.
Qd2 {[%clk 00:47:04]} {[%emt 00:05:13]} Ne7 {[%clk 00:40:02]} {[%emt 00:01:41]}
21. h3 {[%clk 00:44:19]} {[%emt 00:03:15]} Nf6 {[%clk 00:40:11]} {[%emt
00:00:21]} 22. Bb2 {[%clk 00:44:21]} {[%emt 00:00:29]} Neg8 {[%clk 00:40:02]}
{[%emt 00:00:38]} 23. Rb3 {[%clk 00:41:34]} {[%emt 00:03:18]} Rb8 {[%clk
00:36:45]} {[%emt 00:03:47]} 24. Rxb8 {[%clk 00:41:48]} {[%emt 00:00:16]} Qxb8
{[%clk 00:37:10]} {[%emt 00:00:05]} 25. Bc3 {[%clk 00:41:52]} {[%emt 00:00:27]}
Be7 {[%clk 00:35:37]} {[%emt 00:02:02]} 26. Bc2 {[%clk 00:41:03]} {[%emt
00:01:19]} Nh7 {[%clk 00:31:02]} {[%emt 00:05:05]} 27. Qd3 {[%clk 00:39:31]}
{[%emt 00:02:02]} Ngf6 {[%clk 00:30:20]} {[%emt 00:01:12]} 28. Re1 {[%clk
00:32:15]} {[%emt 00:07:47]} Nf8 {[%clk 00:27:39]} {[%emt 00:03:10]} 29. Nh4
{[%clk 00:26:05]} {[%emt 00:06:41]} Bd8 {[%emt 00:10:01]} 30. Rb1 {[%clk
00:24:23]} Qc8 {[%clk 00:19:33]} {[%emt 00:01:16]} 31. Nhf5 {[%clk 00:22:54]}
{[%emt 00:01:59]} Bxf5 {[%clk 00:17:42]} {[%emt 00:02:21]} 32. Nxf5 {[%clk
00:23:20]} {[%emt 00:00:04]} Qd7 {[%clk 00:15:52]} {[%emt 00:02:20]} 33. a6
{[%clk 00:21:05]} {[%emt 00:02:45]} Ng6 {[%clk 00:11:28]} {[%emt 00:04:53]} 34.
Qf3 {[%clk 00:18:44]} {[%emt 00:02:52]} Bb6 {[%clk 00:04:05]} {[%emt 00:07:52]}
35. Bxf6 {[%clk 00:18:28]} {[%emt 00:00:47]} gxf6 {[%clk 00:04:30]} {[%emt
00:00:04]} 36. Qh5 {[%clk 00:18:46]} {[%emt 00:00:12]} 1-0

[Event "Hoogeveen Open"]
[Site "Hoogeveen, Netherlands"]
[Date "2018.10.24"]
[Round "6.11"]
[White "Hamblok, Roel"]
[Black "Iniyan, P"]
[Result "0-1"]
[WhiteElo "2275"]
[BlackElo "2476"]

1. c4 {[%clk 01:28:45]} {[%emt 00:02:14]} Nf6 {[%clk 01:30:11]} {[%emt
00:00:49]} 2. Nc3 {[%clk 01:27:06]} {[%emt 00:02:10]} g6 {[%clk 01:30:15]}
{[%emt 00:00:25]} 3. e4 {[%clk 01:27:10]} {[%emt 00:00:26]} d6 {[%clk
01:30:37]} {[%emt 00:00:08]} 4. d4 {[%clk 01:27:30]} {[%emt 00:00:10]} Bg7
{[%clk 01:31:00]} {[%emt 00:00:06]} 5. Nf3 {[%clk 01:27:54]} {[%emt 00:00:07]}
O-O {[%clk 01:31:23]} {[%emt 00:00:08]} 6. Be2 {[%clk 01:28:17]} {[%emt
00:00:06]} e5 {[%clk 01:31:47]} {[%emt 00:00:06]} 7. d5 {[%clk 01:28:40]}
{[%emt 00:00:07]} Na6 {[%clk 01:31:56]} {[%emt 00:00:22]} 8. Nd2 {[%clk
01:27:45]} {[%emt 00:01:24]} Ne8 {[%clk 01:31:22]} {[%emt 00:01:04]} 9. h4
{[%clk 01:27:40]} {[%emt 00:00:35]} f5 {[%clk 01:22:44]} {[%emt 00:09:08]} 10.
h5 {[%clk 01:25:33]} {[%emt 00:02:38]} gxh5 {[%clk 01:22:41]} {[%emt 00:00:33]}
11. exf5 {[%clk 01:21:25]} {[%emt 00:04:38]} Nf6 {[%clk 01:12:49]} {[%emt
00:10:22]} 12. Nde4 {[%clk 01:17:59]} {[%emt 00:03:56]} Nxe4 {[%clk 01:10:23]}
{[%emt 00:02:56]} 13. Nxe4 {[%clk 01:17:41]} {[%emt 00:00:47]} Bxf5 {[%clk
01:10:47]} {[%emt 00:00:06]} 14. Ng3 {[%clk 01:08:45]} {[%emt 00:09:26]} Bg6
{[%clk 01:10:15]} {[%emt 00:01:03]} 15. Nxh5 {[%clk 01:02:41]} {[%emt
00:06:33]} Nb4 {[%clk 01:09:24]} {[%emt 00:01:21]} 16. O-O {[%clk 00:41:42]}
{[%emt 00:21:30]} Nc2 {[%clk 01:06:38]} {[%emt 00:03:16]} 17. Nxg7 {[%clk
00:38:49]} {[%emt 00:03:22]} Kxg7 {[%clk 01:07:03]} {[%emt 00:00:07]} 18. Rb1
{[%clk 00:38:48]} {[%emt 00:00:30]} Nd4 {[%clk 01:07:25]} {[%emt 00:00:08]} 19.
Ra1 {[%clk 00:38:54]} {[%emt 00:00:24]} Qh4 {[%clk 01:00:19]} {[%emt 00:07:36]}
20. Bd2 {[%clk 00:33:40]} {[%emt 00:05:45]} Bc2 {[%clk 00:57:12]} {[%emt
00:03:36]} 21. Qe1 {[%clk 00:33:40]} {[%emt 00:00:30]} Bd3 {[%clk 00:57:17]}
{[%emt 00:00:25]} 22. Bd1 {[%clk 00:29:19]} {[%emt 00:04:51]} Nf3+ {[%clk
00:51:14]} {[%emt 00:06:33]} 23. Bxf3 {[%clk 00:28:52]} {[%emt 00:00:58]} Rxf3
{[%clk 00:51:38]} {[%emt 00:00:07]} 24. Bc3 {[%clk 00:27:44]} {[%emt 00:01:37]}
Rg8 {[%clk 00:44:23]} {[%emt 00:07:46]} 25. Bxe5+ {[%clk 00:23:48]} {[%emt
00:04:26]} dxe5 {[%clk 00:44:46]} {[%emt 00:00:07]} 26. Qxe5+ {[%clk 00:24:13]}
{[%emt 00:00:05]} Kf8 {[%clk 00:42:47]} {[%emt 00:02:28]} 27. Rae1 {[%clk
00:22:35]} {[%emt 00:02:08]} Rxg2+ {[%clk 00:42:59]} {[%emt 00:00:18]} 28. Kxg2
{[%clk 00:23:03]} {[%emt 00:00:02]} Qg4+ {[%clk 00:43:14]} {[%emt 00:00:15]} 29.
Qg3 {[%clk 00:23:12]} {[%emt 00:00:21]} Rxg3+ {[%clk 00:43:40]} {[%emt
00:00:04]} 30. fxg3+ {[%clk 00:23:36]} {[%emt 00:00:05]} Bxf1+ {[%clk
00:44:04]} {[%emt 00:00:06]} 31. Rxf1+ {[%clk 00:24:02]} {[%emt 00:00:05]} Kg7
{[%clk 00:44:14]} {[%emt 00:00:20]} 32. b3 {[%clk 00:24:21]} {[%emt 00:00:11]}
Qe4+ {[%clk 00:44:38]} {[%emt 00:00:06]} 33. Kg1 {[%clk 00:24:24]} {[%emt
00:00:27]} a5 {[%clk 00:44:45]} {[%emt 00:00:23]} 34. Rf2 {[%clk 00:24:38]}
{[%emt 00:00:16]} a4 {[%clk 00:45:08]} {[%emt 00:00:07]} 35. Kh2 {[%clk
00:24:38]} {[%emt 00:00:30]} axb3 {[%clk 00:45:30]} {[%emt 00:00:08]} 36. axb3
{[%clk 00:25:06]} {[%emt 00:00:01]} Qe3 {[%clk 00:45:47]} {[%emt 00:00:13]} 37.
Rb2 {[%clk 00:25:16]} {[%emt 00:00:20]} Kg6 {[%clk 00:45:58]} {[%emt 00:00:19]}
38. Kh3 {[%clk 00:25:28]} {[%emt 00:00:18]} Qc3 {[%clk 00:45:46]} {[%emt
00:00:41]} 39. d6 {[%clk 00:25:39]} {[%emt 00:00:20]} Qxb2 {[%clk 00:46:00]}
{[%emt 00:00:16]} 40. dxc7 {[%clk 00:25:44]} {[%emt 00:00:25]} Qh8 {[%clk
00:46:25]} {[%emt 00:00:05]} 0-1